El museo de cera (Registo nº 201973)

Detalhes MARC
000 -Etiqueta do registo
Valores 00658nam 22002053 4500
100 ## - Dados gerais de processamento
Dados gerais 20260427d u||y0pory50 ba
200 ## - Titulo e menção de responsabilidade
Título próprio El museo de cera
Primeira menção de responsabilidade Jorge Edwards
205 ## - Menção da edição
Edição
210 ## - Publicação
Local de publicação Bruguera
Nome do editor Narradores de Hoy
Data de publicação 1981
215 ## - Descrição física 
Paginação / Volumes 189, [1] p.
Outras indicações físicas brochado
Dimensões 19 cm
300 ## - Notas gerais 
Texto da nota Contém dedicatória na folha de guarda<br/>O livro tem algumas folhas soltas<br/>
305 ## - Nota relativa à edição da publicação
Texto da nota Edição em Língua Espanhola
606 ## - Nome comum usado como assunto
ID Autoridade 1255
Palavra de ordem Literatura Chilena
675 ## - CDU
Notação 821.134.2(83)-3"19/20"
Edição ES
Língua esp
700 ## - Autor principal (pessoa individual)
ID Autoridade 17204
Apelido Edwards
Nome Jorge
Datas 1931-2023
801 ## - Fonte de origem
País PT
Agência BMMN
Regras de catalogação RPC
830 ## - Notas gerais do catalogador
Criado por Ana Falardo
Indexado por Ana Falardo
990 ## - Elementos KOHA
Tipo de documento Livro
Exemplares
Situação do levantamento Biblioteca de origem Código de barras Cota Permissão de empréstimo Tipo de documento Nota relativa ao exemplar Forma de aquisição
  Biblioteca Municipal de Montemor-o-Novo 31372 821.134.2(83)-3   Livro Acesso Condicionado Oferta

Powered by Koha